Регионална библиотека "Любен Каравелов" - Русе

Човекът между вярата и неверието (Запис номер 326964)

MARC детайли
000 -Лидер
Контролно поле с фиксирана дължина nam a22 a 4500
003 - Код на организацията, давaща контролен номер
Контролно поле BLK
005 - Дата и час на последна редакция
Контролно поле 20181130132920.0
008 - Елементи от данни с фиксирана дължина
fixed length control field 181130b bu ||||| |||| 00| 0 bu d
020 ## - Международен стандартен номер на книга ISBN
Международен стандартен номер на книга ISBN 9786190007937
040 ## - Източник на каталожния запис
Идентификатор на билиотеката - собственик на записа BLK
041 ## - Код за език
Код за езика на текст/звукозапис или на отделно заглавие Български
Код за езика КДБФ Български
100 ## - Редна дума - Автор
R(LIN) 284153
Автор Ваташки, Атанас Руменов
Авторска отговорност първи автор
139 ## - Редно поле
Редна дума Ваташки, Атанас Руменов
Авторски знак Ват - В 28
245 ## - Сведения за заглавието
Заглавие Човекът между вярата и неверието
260 ## - Област на издателските данни
9 (RLIN) 209950
Място на издаване, разпространение и проч. Велико Търново
Име на издателя, разпространителя и проч. Фабер
Година на издаване 2018
300 ## - Физическа характеристика
Страници 147 с.
Размери/Мащаб 20 см
380 ## - Жанр
Жанр Религия. Теология
500 ## - Общи забележки
Забележка Библейски показалец
504 ## - Забележка за наличие на библиография и др
Забележка за наличие на библиография и под. Библиогр.: с. 134-139
650 #0 - Допълнително описание по предмет – тема
9 (RLIN) 244888
Основно описание – тема или топоним Християнска етика
653 #7 - Ключова дума – ненормативна
9 (RLIN) 183781
Ключова дума вяра
653 #7 - Ключова дума – ненормативна
9 (RLIN) 200188
Ключова дума християнство
653 #7 - Ключова дума – ненормативна
9 (RLIN) 197697
Ключова дума суеверия
700 ## - Други автори (авторска отговорност)
9 (RLIN) 695
Лично име Нушев, Костадин
Автороска отговорност (Описва отношението между автора и произведението) науч. ред.
700 ## - Други автори (авторска отговорност)
9 (RLIN) 1311
Лично име Бонов, Йонко Данов
Автороска отговорност (Описва отношението между автора и произведението) ред.
852 ## - Местоположение
Форматна сигнатура Цб 291990
999 ## - СИСТЕМНИ КОНТРОЛНИ НОМЕРА
Koha biblionumber 326964
Koha biblioitemnumber 326964
942 ## - АРТИКУЛИ
Вид на библиотечния материал Книги
Скрит в OPAC Не
944 ## - СЪЗДАВАНЕ И РЕДАКЦИЯ на ЗАПИСА
Създаване/Редакция Създаване
Дата на регистрацията/редакция 2018-11-30
Служител, извършил регистрацията/редакцията Кристиан Велковски
Статус, дата на статуса 2018-11-30
Наличности
Код за отписване Код за изгубен артикул Източник на класификационната схема Код за повреда Коз за рестрикции Код за отдаване Артикулен № Име на библиотеката - собственик Име на библиотеката, в която се намира в момента Статус (Текущо местоположение) Дата на вписване в системата Местоположение - отдел Цена в лева Систематично азбучна сигнатура Баркод Цена в евро Служебен тип на артикула
  Не е изгубен Universal Decimal Classification Не е повреден без рестрикции ползва се в читалня 684364 Регионална библиотека "Любен Каравелов" Русе Регионална библиотека "Любен Каравелов" Русе Хранилище 2018-12-05 Хранилище 5.50 Цб 291990 120000826069 2.81 Книги
Vip Innovations Ltd, Rousse, Bulgaria 2025